Population resources environment : (Record no. 184321)
[ view plain ]
| 000 -LEADER | |
|---|---|
| fixed length control field | 01164 a2200241 4500 |
| 003 - CONTROL NUMBER IDENTIFIER | |
| control field | NUST |
| 005 - DATE AND TIME OF LATEST TRANSACTION | |
| control field | 20221216153209.0 |
| 010 ## - LIBRARY OF CONGRESS CONTROL NUMBER | |
| LC control number | 75103067 |
| 020 ## - INTERNATIONAL STANDARD BOOK NUMBER | |
| International Standard Book Number | 0716706806 |
| 040 ## - CATALOGING SOURCE | |
| Transcribing agency | Nust |
| 082 00 - DEWEY DECIMAL CLASSIFICATION NUMBER | |
| Classification number | 333.7,HER |
| 100 1# - MAIN ENTRY--PERSONAL NAME | |
| Personal name | Ehrlich, Paul R. |
| 9 (RLIN) | 3627 |
| 245 10 - TITLE STATEMENT | |
| Title | Population resources environment : |
| Remainder of title | issues in human ecology / |
| Statement of responsibility, etc. | [by] Paul R. Ehrlich [and] Anne H. Ehrlich. |
| 260 ## - PUBLICATION, DISTRIBUTION, ETC. | |
| Place of publication, distribution, etc. | San Francisco, |
| Name of publisher, distributor, etc. | W. H. Freeman |
| Date of publication, distribution, etc. | [1970] |
| 300 ## - PHYSICAL DESCRIPTION | |
| Extent | 383 p.; |
| Other physical details | illus. |
| Dimensions | 26 cm. |
| 490 0# - SERIES STATEMENT | |
| Series statement | A Series of books in biology |
| 505 ## - FORMATTED CONTENTS NOTE | |
| Formatted contents note | The Crisis (Page-1), Number Of People (Page-5), Population Structure And Projection (Page-25), The Limits Of The Earth (Page-51), Food Production (Page-81), Environmental Threats To Man (Page-117), Ecosystems In Jeopardy (Page-157), Optimum Population And Human Biology (Page-199), Birth Control (Page-211), Family Planning And Population Control (Page-233), Social, Political And Economic Change (Page-259), The International Scene (Page-295), Conclusion (Page-321). |
| 650 #0 - SUBJECT ADDED ENTRY--TOPICAL TERM | |
| Topical term or geographic name entry element | Human ecology. |
| 650 #0 - SUBJECT ADDED ENTRY--TOPICAL TERM | |
| Topical term or geographic name entry element | Pollution. |
| 9 (RLIN) | 2629 |
| 650 #0 - SUBJECT ADDED ENTRY--TOPICAL TERM | |
| Topical term or geographic name entry element | Population. |
| 9 (RLIN) | 3628 |
| 700 1# - ADDED ENTRY--PERSONAL NAME | |
| Personal name | Ehrlich, Anne H., |
| 9 (RLIN) | 42720 |
| 942 ## - ADDED ENTRY ELEMENTS (KOHA) | |
| Source of classification or shelving scheme | |
| Koha item type | Book |
| Call number prefix | 333.7,HER |
| Withdrawn status | Lost status | Source of classification or shelving scheme | Damaged status | Not for loan | Permanent Location | Current Location | Date acquired | Full call number | Barcode | Date last seen | Price effective from | Koha item type | Public note |
|---|---|---|---|---|---|---|---|---|---|---|---|---|---|
| Military College of Signals (MCS) | Military College of Signals (MCS) | 12/12/2016 | 333.7,HER | MCS34381 | 12/08/2016 | 12/12/2016 | Book | Almirah No.50, Shelf No.3 |
